[Event "Moscow Aeroflot op-A"]
[Site "Moscow"]
[Date "2005.02.20"]
[Round "6"]
[White "Beliavsky, Alexander G"]
[Black "Belov, Vladimir"]
[Result "0-1"]
[WhiteElo "2635"]
[BlackElo "2582"]
[Annotator "Krasenkow,M"]
[PlyCount "82"]
[EventDate "2005.02.15"]
[EventType "swiss"]
[EventRounds "9"]
[EventCountry "RUS"]
[SourceTitle "CBM 106"]
[Source "ChessBase"]
[SourceDate "2005.06.06"]
[SourceVersion "1"]
[SourceVersionDate "2005.06.06"]
[SourceQuality "1"]

1. d4 Nf6 2. c4 g6 3. Nc3 d5 4. cxd5 Nxd5 5. e4 Nxc3 6. bxc3 Bg7 7. Bb5+ c6 8.
Ba4 O-O 9. Ne2 c5 10. O-O Nc6 11. Be3 Na5 12. d5 {This doesn't promise White
any real advantage but leads to more complicated play than the main line} (12.
dxc5) 12... b6 13. Bg5 $6 {This turns out to be "a shot to nothing".} (13. Qc1
e6 (13... Ba6 $5 14. Re1 e6) 14. Rd1 exd5 15. exd5 Bg4 16. f3 Bd7 17. Bg5 Qe8
18. Bxd7 Qxd7 19. Ng3 Nc4 20. Qf4 Nd6 21. Bf6 Rfe8 $11 {1/2-1/2 Balogh,T-Jansa,
V/Krynica 1998/CBM 067 (57)}) 13... Ba6 14. Rc1 (14. f4 $6 h6 15. Bh4 Nc4)
14... Qd6 {[%cal Ye7e6]} 15. Re1 e6 {A timely attack of the white centre.} 16.
Bb3 (16. dxe6 Qxe6 17. Nf4 Qe5 18. Qd5 Bc4 19. Qxe5 Bxe5 20. Nd5 b5 $17) 16...
Nc4 $6 (16... Qe5 $5 {looks risky but still deserves attention, e.g.} 17. f4 (
17. Be7 Rfe8 18. d6 Nc6) 17... Qxe4 18. Ng3 Qd3 {liquidating into the endgame
with an extra pawn and no sufficient compensation for White.}) 17. Qd3 b5 18.
Bxc4 bxc4 {Despite the double pawns, Black's position is good due to his
bishop pair and lack of good squares for the white knight; however, accurate
play is needed.} 19. Qd2 (19. Qg3 $5 {In the endgame the white d5 pawn could
become dangerous.}) 19... Rfe8 20. Bf4 Qd7 21. Ng3 Rad8 22. Bh6 Bh8 23. Nf1 {
[%cal Ce6d5,Yf1e3] Finally White finds a decent square for his knight.} exd5
24. exd5 Qf5 25. Rxe8+ Rxe8 26. d6 {This pawn will be rather weak than strong.}
(26. Ne3 $5 Qd3 $140 27. Qb2) 26... Bb5 27. Ne3 Qe5 28. Ng4 Qe4 29. h3 Bd7 30.
Bg5 Re6 31. Be7 $6 {After the black rook has come out to e6, this move has
little sense; the bishop will be very passive there.} (31. Rd1 $5) (31. Qb2 $5)
31... h5 32. Ne3 Be5 33. Rd1 Qf4 34. g3 Qe4 35. Qd5 Bxc3 36. Qxc5 $4 {[%mdl
8192] A decisive mistake leading to a mating attack for Black. White
completely underestimated his opponent's threats.} ({After} 36. Qxe4 Rxe4 37.
Nd5 Bg7 38. Nf6+ Bxf6 39. Bxf6 {White should not lose.}) 36... Qf3 {[%cal
Rd7c6,Cc5c4,Re6e3]} 37. Qd5 (37. Rd5 Be1 $19) 37... Rxe3 $1 38. fxe3 Qxg3+ 39.
Qg2 Qxe3+ 40. Kh1 (40. Qf2 Qxh3 41. Qg2 Qe3+ 42. Qf2 Qxf2+ 43. Kxf2 f6 $19 {_|_
}) 40... Bxh3 41. Qc6 Bd7 {Good enough as White resigned:-). However,} (41...
Bf5 $142 {[%cal Oe3e4,Rf5e4]} 42. Qe8+ Kh7 43. Qxf7+ Bg7 $19 {was "more
murderous".}) 0-1

[Event "FRA-chT Gp-B"]
[Site "France"]
[Date "2003.04.05"]
[Round "6.3"]
[White "Charnushevich, Aliaksei"]
[Black "Jansa, Vlastimil"]
[Result "1/2-1/2"]
[WhiteElo "2486"]
[BlackElo "2504"]
[Annotator "Krasenkow,M"]
[PlyCount "73"]
[EventDate "2003.01.31"]
[EventType "team"]
[EventRounds "7"]
[EventCountry "FRA"]
[SourceTitle "CBM 095"]
[Source "ChessBase"]
[SourceDate "2003.07.25"]
[SourceVersion "1"]
[SourceVersionDate "2003.07.25"]
[SourceQuality "1"]
[WhiteTeam "Besancon"]
[BlackTeam "Vandoeuvre"]
[WhiteTeamCountry "FRA"]
[BlackTeamCountry "FRA"]

1. d4 Nf6 2. c4 g6 3. Nc3 d5 4. cxd5 Nxd5 5. Bd2 Bg7 6. e4 Nb6 7. Be3 O-O 8.
Be2 {This order of moves appears more accurate than} (8. Nf3 Bg4 9. Be2) 8...
Nc6 (8... f5 $5 9. exf5 (9. Nh3 $5 Nc6 (9... fxe4 $5 10. Ng5 Nc6 11. Qb3+ e6
12. Nxe6 Bxe6 13. Qxe6+ Kh8 $13) 10. d5 Ne5 11. Qb3 fxe4 12. O-O-O Nd3+ 13.
Bxd3 exd3 14. Rxd3 Bf5 $13 {1-0 Chernuschevich,A-Pujos,S/Clermont-Ferrand FRA
2003/The Week in Chess 444 (33)}) 9... gxf5 (9... Bxf5 10. Qb3+ Kh8 11. Nf3 Nc6
(11... a5 $5 12. Ne5 $1 a4 13. Nf7+ Rxf7 14. Qxf7 Nc6 15. a3 $1 Qd7 $6 (15...
Nxd4 $13) 16. Bb5 $1 Ra5 17. Bxc6 bxc6 18. O-O $16 {Tyrtania,M-Lagunov,A/
Deutschland 1994/Inf 61 (18)}) 12. d5 (12. Rd1 a5 13. Ne5 Nb4 14. O-O N4d5 15.
Bg5 a4 16. Qb5 c6 17. Qc5 Qd6 18. Nxd5 Qxc5 19. dxc5 Nxd5 20. Nc4 h6 21. Bc1
Rad8 $15 {0-1 Jirovsky,M-Mirumian,V/CZE 1997/EXT 98 (61)}) 12... Ne5 13. Rd1
Qc8 (13... Ng4 14. Bc5 Nd7 15. Bd4 $14 {1/2-1/2 Supatashvili,K-Neverov,V/
Pardubice 1993/TD (25)}) 14. O-O c6 15. Nd4 c5 16. Nxf5 gxf5 17. f4 Nf7 18.
Rfe1 Nd6 19. Bf3 $14 {1-0 Kortschnoj,V-Spassky,B/St Petersburg 1999/EXT 2000 
(38)}) 10. Nh3 Nc6 11. Qb3+ e6 12. Nf4 (12. O-O-O $5) 12... Nxd4 13. Bxd4 Qxd4
14. Nxe6 Bxe6 15. Qxe6+ Kh8 16. Qb3 Rae8 17. O-O Be5 18. Rad1 Qh4 19. g3 Qf6
$13 {1-0 Lehikoinen,P-Asgeirsson,H/VISA GP Reykjavik 1998 (27)}) (8... c6 $6 9.
Nf3 (9. h3 Be6 10. Nf3 Bc4 11. O-O N8d7 12. Rc1 Re8 13. b3 Bxe2 14. Qxe2 e5 15.
Rfd1 $14 {1/2-1/2 Sergienko,S-Yandemirov,V/St Petersburg 1999/CBM 71 (25)})
9... Bg4 10. Qd2 (10. O-O N8d7 11. a4 Bxf3 12. gxf3 e5 13. a5 exd4 14. Bxd4 Nc8
15. f4 Bh6 16. Be3 Qc7 17. e5 Ne7 18. Bc4 Nf5 19. Ne4 $36 {1-0 Szabolcsi,
J-Fogarasi,T/Budapest 1998/EXT 99 (43)}) (10. Ne5 Bxe2 11. Qxe2 N8d7 12. Nxd7
Qxd7 13. Rd1 Rad8 14. O-O Qe6 15. b3 Qd6 16. Rd3 $14 {1-0 Buhmann,R-Zwanzger,J/
Neumuenster 1999/EXT 2000 (34)}) 10... N8d7 11. e5 (11. O-O-O Bxf3 12. gxf3 e5
13. d5 cxd5 14. Nxd5 Nxd5 15. Qxd5 Qc7+ 16. Kb1 Nf6 17. Qd6 $14 {1-0
Stefansson,H-Jensson,E/Reykjavik 1998/EXT 2000 (44)}) 11... f6 12. Ng5 Bxe2 13.
Ne6 Qc8 14. Qxe2 $16 {1-0 Sokolov,I-Leventic,I/Bihac 1999/EXT 2000 (28)}) (8...
e5 9. dxe5 $5 (9. Nf3 $6 {- see Kortschnoj-Illescas in CBM71}) (9. d5 {-see
Kortschnoj-Svidler in CBM71}) 9... Bxe5 10. Nf3 Bg7 11. Qc2 Bg4 12. Rd1 Qe7 13.
O-O c6 14. a4 (14. h3 $142 $14 {Cebalo,M}) 14... Qb4 15. Nd4 Bxe2 16. Ndxe2 Nc4
(16... Na6 $1 $11 {Cebalo,M}) 17. Bd4 Qxb2 18. Qd3 $1 Bxd4 19. Qxd4 b5 20. Rd3
$1 $40 {1-0 Cebalo,M-Mikhalevski,V/Zuerich 1999/CBM 73 ext (34)}) 9. d5 Ne5 (
9... Na5 {is less attractive than in the line 9.Nf3 Bg4 10.d5 Bxf3 11.gxf3:}
10. Bd4 Bxd4 (10... c5 11. Bxg7 Kxg7 12. b4 cxb4 13. Qd4+ Kg8 14. Qxb4 Nd7 15.
Nf3 $14 {1-0 Glavas,D-Rade,M/Pula 1998/EXT 2000 (36)}) (10... Qd6 $5) 11. Qxd4
Nc6 12. Qd2 Ne5 13. f4 Nec4 14. Qd4 Nd6 15. Nf3 $14 {1/2-1/2 Bandza,
A-Chuchelov,V/Wiesbaden 1991/EXT 97 (42)}) 10. Bd4 (10. Qb3 $5) 10... c5 $1 {
GM Peter Svidler's idea. Black should play extremely dynamically.} (10... c6
11. f4 Ned7 12. Bxg7 Kxg7 13. dxc6 bxc6 14. Nf3 $14 Nf6 15. O-O a5 16. Rc1 {
1/2-1/2 Dudas,J-Fogarasi,T/Budapest 2000/EXT 2001 (16)}) (10... e6 11. f4 Ned7
12. Bxg7 Kxg7 13. Qd4+ Kg8 {1/2-1/2 Von Alvensleben,W-Waldschlaeger,J/Germany
1993/EXT 2003 (44)} 14. dxe6 fxe6 15. e5 $14) 11. Bxc5 Nec4 12. Bxc4 Nxc4 13.
Qb3 Nxb2 (13... b6 $5 14. Qxc4 (14. Bd4 e5 $1 $13 (14... Nxb2 $2 15. Nce2 {
1-0 Shliperman,I-Wolff,P/New York 1997/EXT 2001 (21)})) 14... bxc5 15. Qxc5 Rb8
16. Rb1 Ba6 17. Nge2 Bd3 $44 {0-1 Rabinovich,A-Manor,I/Tel Aviv 1998/CBM 65 
(28)}) 14. Qxb2 Qc7 15. Bb4 (15. Qa3 b6 16. Bb4 a5 17. Rc1 axb4 $1 $17 {
Svidler,P}) (15. Qb4 a5 16. Qa3 b6 17. Nge2 bxc5 18. O-O Ba6 19. Rfe1 Rfb8 $36
{0-1 Shliperman,I-Avrukh,B/Menorca 1996/Juniors (36)}) 15... a5 16. Nge2 axb4
17. Qxb4 Qd6 $146 {This position has some history in tournament practice
already:} (17... Bg4 18. f3 Bd7 19. O-O b5 20. Rab1 $1 (20. Kh1 $6 Qd6 $1 21.
Qxd6 (21. Rab1 Qxb4 22. Rxb4 Rfc8 $15 {P.Svidler}) 21... exd6 22. Rab1 Rfb8 23.
Rb4 Ra3 24. Rc1 Rc8 25. Rb3 $8 Rxb3 26. axb3 Ra8 $1 $15 {0-1 Kacheishvili,
G-Svidler,P/Szeged 1994/CBM 42/[Svidler] (34)}) 20... Be5 21. Kh1 Rfb8 22. Qxe7
Bd6 23. Qh4 b4 24. e5 bxc3 {1/2-1/2 Doettling,F-Jaracz,P/Bad Wiessee 2000/EXT
2003 (24)}) (17... f5 $5 18. O-O fxe4 19. Qxe4 Bf5 20. Qe3 Rfc8 21. Nb5 Qc5 22.
Nbd4 Qxd5 23. Nxf5 Qxf5 24. Rac1 Rxc1 25. Rxc1 Be5 26. Qb3+ Qf7 27. Qxf7+ {
1/2-1/2 Walter,G-Beckel,F/Bad Segeberg 2002/EXT 2003 (27)}) {The text move is
quite consistent: Black goes to the endgame where his pair of bishops
compensates his material deficit.} 18. Qxd6 exd6 {[%cal Yf7f5]} 19. O-O (19.
Rb1 $5 f5 $1) 19... f5 20. Rae1 Bd7 21. Rb1 fxe4 22. Nxe4 Rxa2 23. N2g3 b5 24.
Nxd6 Rd2 25. Nxb5 Rxd5 $11 {The resulting position is equal but White must
play accurately not to blunder his knight!} 26. Nc7 Rc5 27. Na6 Rc2 28. Nb4 Rd2
29. Ne4 Rd4 30. f3 Bf5 31. Rfe1 Bxe4 32. fxe4 Rb8 33. Nd5 Rxb1 34. Rxb1 Rxe4
35. Rb8+ Kf7 36. Rb7+ Kf8 37. Rb8+ 1/2-1/2

[Event "Imre Konig Memorial 1st"]
[Site "San Francisco"]
[Date "2002.09.12"]
[Round "7"]
[White "Yermolinsky, Alex"]
[Black "Nakamura, Hikaru"]
[Result "1/2-1/2"]
[WhiteElo "2592"]
[BlackElo "2494"]
[Annotator "Krasenkow,M"]
[PlyCount "81"]
[EventDate "2002.09.04"]
[EventType "tourn"]
[EventRounds "9"]
[EventCountry "USA"]
[EventCategory "12"]
[SourceTitle "CBM 092"]
[Source "ChessBase"]
[SourceDate "2003.02.06"]
[SourceVersion "1"]
[SourceVersionDate "2003.02.06"]
[SourceQuality "1"]

1. Nf3 Nf6 2. c4 g6 3. Nc3 d5 4. cxd5 Nxd5 5. e4 Nxc3 6. bxc3 Bg7 7. d4 c5 8.
Be3 Qa5 9. Qd2 Nc6 10. Rb1 O-O 11. Rb5 cxd4 12. Rxa5 dxe3 13. Qxe3 Nxa5 14. h4
{About this line - see CBM 73,82.} Be6 15. Ng5 Bxa2 16. h5 h6 {An attempt to
gain a tempo comparing to the theoretical line:} (16... Rfc8 17. e5 h6 18. Nf3
g5 19. Nxg5 Nc4 20. Bxc4 Bxc4 21. Rh3 $146 (21. Ne4 a5 $132 {1-0 Baginskaite,
C-Qin Kanying/Seattle 2001/CBM 82 (41)}) 21... a5 22. Rg3 $13 {1/2-1/2 Khenkin,
I-Naumann,A/Bad Wiessee GER 2002/The Week in Chess 417 (22)}) 17. Nf3 g5 18.
Nxg5 Nc4 19. Bxc4 Bxc4 20. e5 {White doesn't find anything better than this
move.} a5 {So, Black has saved the Rfc8 move.} 21. Nf3 a4 22. Nd2 a3 $2 {
Too fast.} (22... Be6 {was correct, with good counterplay for Black.}) 23. Nxc4
a2 24. O-O a1=Q 25. Rxa1 Rxa1+ 26. Kh2 {Black has made a poor deal giving up
his strong bishop and passed pawn for White's passive rook. Now he remains
with a passive bishop and small material deficit and must fight hard for a
draw. If now White plays f2-f4 and activates his knight, Black's position will
be very difficult.} Ra4 27. Qc5 Rb8 28. Qc7 $6 {This natural move turns out to
be inaccurate as the white queen is less active here. The most important thing
is that it lets the black b7 pawn go!} (28. Kh3 $1 {was apparently the most
accurate, e.g.} b5 29. Nb6 Re4 30. Nd7 Rc4 31. Qxe7 Rxc3+ 32. g3 Rbc8 33. Qb4 {
capturing Black's passed pawn, with good winning chances, e.g.} R3c7 34. Qxb5
Rd8 35. Nb6 {etc.}) 28... Rf8 29. g3 $6 (29. Nb6 $5 Rh4+ 30. Kg3 Rxh5 31. f4
$16) 29... b5 30. Ne3 $6 {After this White has no winning chances anymore.} (
30. Nb6 {was the last opportunity but after} Ra2 31. Kg2 e6 32. Nd7 Rfa8 {
Black should hold his position.}) 30... Re4 31. Nf5 Rxe5 32. Nxg7 Rg5 33. f4
Rxg7 34. Qxe7 ({Or} 34. Qb7 e6 35. Qxb5 Rd8 {and Black should not lose.}) 34...
Rc8 {It is known that Q+P usually don't win against 2R.} 35. Qe5 Rc4 {[%cal
Yb5b4]} 36. Qe8+ Kh7 37. Qe3 Kg8 38. Qe5 Kh7 39. Qf5+ Kg8 40. Qe5 Kh7 41. Qf5+
1/2-1/2

[Event "EU-Cup 18th"]
[Site "Kallithea"]
[Date "2002.09.23"]
[Round "2.4"]
[White "Bacrot, Etienne"]
[Black "Popovic, Petar"]
[Result "1-0"]
[WhiteElo "2653"]
[BlackElo "2525"]
[Annotator "Krasenkow,M"]
[PlyCount "53"]
[EventDate "2002.09.22"]
[EventType "team-swiss"]
[EventRounds "7"]
[EventCountry "GRE"]
[SourceTitle "CBM 092"]
[Source "ChessBase"]
[SourceDate "2003.02.06"]
[SourceVersion "1"]
[SourceVersionDate "2003.02.06"]
[SourceQuality "1"]
[WhiteTeam "Paris NAO"]
[BlackTeam "Novi Sad"]
[WhiteTeamCountry "FRA"]
[BlackTeamCountry "YUG"]

1. d4 Nf6 2. c4 g6 3. Nc3 d5 4. cxd5 Nxd5 5. e4 Nxc3 6. bxc3 Bg7 7. Nf3 c5 8.
Rb1 O-O 9. Be2 Nc6 10. d5 Bxc3+ {Acceptance of this pawn sacrifice is quite
risky for Black as White obtains a strong attack.} (10... Ne5 $142) 11. Bd2
Bxd2+ 12. Qxd2 Na5 13. h4 Bg4 14. Ng5 {A rare continuation.} (14. h5 {is the
main line, in which Black is in serious trouble - see CBM78, annotations to
the game Halkias-Lputian.}) 14... Bxe2 15. Kxe2 e6 $1 $146 {An important
novelty. Black tries to create active counterplay.} (15... e5 {is another,
more passive option:} 16. h5 Qf6 (16... h6 $2 17. Nh7 $1 g5 $8 18. Nxf8 Kxf8
19. Qc3 $18 {1-0 Kargoll,B-Chabanon,J/Karlsruhe 1991/GER (57)}) 17. Nxh7 (17.
hxg6 fxg6 18. f3 $5 {N.Gaprindashvili, E.Ubilava}) 17... Kxh7 18. Qxa5 b6 19.
hxg6+ Kg7 (19... Kxg6 20. Qc3 $16) 20. Qd2 fxg6 (20... Qxg6 $142 $14) 21. Qh6+
Kf7 22. Qh7+ Qg7 23. Rb3 $16 {Gaprindashvili,N-Kouatly,B/Albena/1985/1-0/39/
Ftacnik:Grunfeld 2}) (15... h6 {is possible, too:} 16. Nh3 $5 {Or else:} (16.
Qc3 b6 17. Rbd1 $6 (17. h5 $1 {-16.Nh3}) 17... Qd7 18. Qg3 Qb5+ 19. Ke1 Qb2 20.
e5 hxg5 21. hxg5 Kg7 22. d6 exd6 23. Rxd6 Nc4 24. Rd3 Qa1+ {0-1 Kecskes,
G-Stillger,B/Budapest 1995/EXT 97 (24)}) (16. h5 $6 {is quite a risky piece
sac:} hxg5 17. hxg6 e5 $5 (17... fxg6 18. Qxg5 (18. Rh6 Rxf2+ $1 19. Kxf2 Qf8+
20. Kg1 Qxh6 21. Qxa5 g4 $17 {0-1 Tesic,D-Cabarkapa,V/Vrbas 1993/EXT 2002 (36)}
) (18. Qc3 $5 e5 $1 19. Qh3 (19. Qxe5 $2 Qf6 $19) 19... Kg7 20. Qh7+ Kf6 21.
Rh3 g4 22. Qh4+ Kg7 23. Qh6+ Kf6 $11 {Zadrima,A}) 18... Qd6 19. Rh6 Qa6+ (19...
Kf7 20. Rh7+ Ke8 21. e5 Qd7 22. d6 $40) (19... Kg7 $2 20. Rbh1 Rh8 21. e5 $18)
20. Ke1 Kg7 (20... Rf6 21. e5 Qd3 22. exf6 {1/2-1/2 Miladinovic,I-Ilincic,Z/
Arandjelovac 1993/CBM 38 ext (22)}) 21. Rh4 Kf7 (21... Rh8 22. Qxe7+ Kg8 23.
Rxh8+ Kxh8 24. Rc1 $1 $44) 22. e5 (22. Rh7+ Kg8 23. Rh6 $11) 22... Qd3 23. Rd1
Qc3+ 24. Kf1 Qc2 25. Rd2 Qb1+ 26. Ke2 Ke8 27. Rh7 Qe4+ 28. Kd1 Qb1+ {1/2-1/2
Mileto,G-Zadrima,A/Forli 1991/EXT 97 (28)}) 18. Rh6 $6 (18. Qc3 Qf6 $5 (18...
fxg6 {-17...fxg6}) 19. Qxa5 Qxg6 20. f3 b6 $15) 18... f5 19. Qc3 fxe4 20. g7
Kxg7 21. Qxe5+ Kxh6 22. Rh1+ Kg6 23. Qxe4+ Rf5 24. g4 Qf8 $4 (24... Qf6 $1 25.
gxf5+ Kg7 $19) 25. gxf5+ Kg7 {1/2-1/2 Tibensky,R-Lipka,J/SVK 2000/EXT 2001 (32)
} 26. Qe5+ $18) (16. Nf3 Kh7 17. h5 (17. Qc3 $5) 17... g5 18. e5 Kh8 19. Rbd1
$44 {0-1 Cruz Lopez Claret,C-De la Villa Garcia,J/Lleida 1991/EXT 97 (28)})
16... Kh7 (16... e6 $2 17. Qxh6 Qf6 18. Ng5 Rfe8 19. h5 exd5 20. hxg6 fxg6 21.
Qh7+ Kf8 22. Qc7 Kg8 23. Rh8+ {1-0 Gladischev,O-Szeberenyi,A/Budapest 1997/EXT
98 (23)}) 17. Qc3 $5 b6 (17... e5 $6 18. dxe6 Qd4 $1 (18... fxe6 $2 19. Rbd1
Qc7 20. Ng5+ $18) 19. Qxd4 cxd4 20. exf7 Rxf7 21. Kd3 $5 (21. Rhc1 $1 Re8 22.
Kd3 $16 {Polgar,Zsu}) 21... Rc8 22. Rhc1 Nc6 23. f4 Nb4+ 24. Kxd4 Rxc1 25. Rxc1
Nxa2 26. Rc8 $1 $16 {1-0 Polgar,Z-De la Villa Garcia,J/Pamplona 1991/CBM 28/
[Polgar,Zsu] (61)}) 18. Ng5+ (18. f4 $5 {Chernin,A}) 18... Kg8 19. h5 $1 hxg5
20. hxg6 fxg6 21. Rh8+ $1 Kf7 22. Rh7+ Ke8 23. Qg7 $44 Kd7 24. d6 $1 Qe8 25.
dxe7 Rg8 26. Qe5 Nc6 27. Rd1+ Nd4+ 28. Rxd4+ $1 cxd4 29. Qd5+ Kc7 30. Qxa8 $1
Qb5+ 31. Kf3 $16 {1-0 Chernin,A-Stohl,I/Austria 1993/CBM 38/Inf 56/[Chernin,A]
(52)}) 16. h5 (16. dxe6 $5 Qxd2+ 17. Kxd2 fxe6 {[%csl Rf2]} 18. Ke2 {[%cal
Rg5e6,Yh4h5] needs more tests.}) 16... Nc4 $1 (16... h6 $2 17. Nh7 $1 g5 18.
Nxf8 Kxf8 19. Qc3 exd5 20. Rhd1 d4 21. Qxc5+ Kg8 22. Rxd4 $18 {1-0 Ermenkov,
E-Mrdja,M/Baden-Baden 1985/MCL (30)}) (16... exd5 17. Nxh7 (17. hxg6 hxg6 18.
Qc3 d4 19. Qh3 Kg7 20. Qh6+ Kf6 21. Nh7+ $16) 17... dxe4 (17... Re8 18. hxg6
Rxe4+ 19. Kf1 fxg6 20. Qh6 Qd6 21. Ng5 $18 {Zadrima,A}) 18. Nxf8 Qxd2+ 19. Kxd2
Rxf8 20. Ke3 $16) 17. Qc1 exd5 18. Nxh7 (18. hxg6 $2 fxg6 19. Rxb7 Qf6 20. f4
h5 $17 {White's centralised king will be in serious danger.}) 18... Re8 19.
hxg6 Rxe4+ 20. Kf1 Rh4 21. Rxh4 (21. Rh3 $5 Rxh3 22. gxh3 Qh4 23. Qc3) 21...
Qxh4 22. Kg1 Ne5 {Black has successfully parried the attack although White
maintains some counterplay for the missing material.} (22... b6 $143 23. g3 Qe7
24. Qh6 $44) 23. gxf7+ (23. Qc3 d4 $1 24. Qxc5 Qxf2+ $1 25. Kxf2 Nd3+ $17) (23.
g3 Qe7 24. Qh6 Nxg6 $17) 23... Kxh7 24. Qxc5 Kg7 25. Rb3 $2 {I guess both
players were under severe time pressure already.} (25. Rxb7 {is more natural
but after} Rf8 26. Qxd5 Qf6 $1 {Black maintains the better prospects as} 27.
Rxa7 $2 {loses in view of} Ng4 $19) 25... Qc4 $4 {A terrible blunder.} (25...
Qe4 $1 $19) {[%tqu "En","Why is Black's last move a blunder?","","","f7f8Q","",
10]} 26. f8=Q+ $1 Rxf8 27. Qe7+ {Black resigned (or lost on time?) as White
recaptured the e5 knight with a decisive attack.} 1-0

[Event "ESP-chT"]
[Site "Sanxenxo"]
[Date "2004.11.20"]
[Round "3"]
[White "Comas Fabrego, Luis"]
[Black "Fernandez Garcia, Jose Luis"]
[Result "1-0"]
[WhiteElo "2509"]
[BlackElo "2479"]
[Annotator "Krasenkow,M"]
[PlyCount "76"]
[EventDate "2004.11.18"]
[EventType "team"]
[EventRounds "9"]
[EventCountry "ESP"]
[SourceTitle "CBM 105"]
[Source "ChessBase"]
[SourceDate "2005.04.11"]
[SourceVersion "1"]
[SourceVersionDate "2005.04.11"]
[SourceQuality "1"]

1. d4 Nf6 2. c4 g6 3. Nc3 d5 4. cxd5 Nxd5 5. e4 Nxc3 6. bxc3 Bg7 7. Nf3 c5 8.
Rb1 O-O 9. Be2 b6 10. O-O Bb7 11. Qd3 Ba6 12. Qe3 Qc8 13. d5 {About this
line-see CBM76, game Moiseenko-Yandemirov.} Bxe2 14. Qxe2 Bxc3 15. e5 (15. Bh6
$6 Rd8 16. Rb3 Bh8 17. Rd1 Qa6 18. Qc2 Nd7 19. h3 Qa4 20. Qe2 Nf6 21. Re3 Rac8
{0-1 Sokolin,L-Harikrishna,P/Dos Hermanas 2004/CBM 099 ext (62) - White has no
sufficient compensation for the pawn}) 15... Rd8 (15... Qf5 16. Rb3 Ba5 17. Bh6
$1 $146 Nd7 (17... Rd8 18. Nh4 Qc8 (18... Qd7 19. e6 Qxd5 (19... fxe6 $2 20.
Qe5) 20. exf7+ Qxf7 21. Rf3 $18) 19. e6 $40) 18. h3 Qh5 19. Bxf8 Nxf8 20. Rd1
Rd8 21. Re3 Qf5 22. e6 fxe6 23. Ne5 Rxd5 24. Nc6 Rxd1+ 25. Qxd1 Kg7 26. Qd8 g5
27. Rf3 {1-0 Duliba,E-Remus,H/ICCF 2002/ICCF Telechess CBM 98 (27)}) (15... Qb7
16. Qe3 Ba5 17. Qxc5 Qd7 18. Qd4 Rd8 19. Rd1 Qf5 20. Ba3 e6 21. Qh4 g5 22. dxe6
$1 {1-0 Shishkin,V-Bogdanov,V/Rowy 2000/EXT 2005 (22)}) 16. Rb3 (16. Bg5 $5 Qf5
17. Rb3 Bxe5 18. Nxe5 Qxg5 19. Rg3 Qh4 20. Rh3 Qg5 21. f4 Qf5 22. d6 $1 Re8 (
22... Rxd6 $2 23. Qf3) (22... exd6 23. Ng4 $40) 23. dxe7 Nd7 24. Nc4 $16 {
1-0 Freeman,M-Remus,H/ICCF 2002/ICCF Telechess CBM 98 (38)}) 16... Bd4 17. Ng5
$1 Qf5 (17... h6 18. Nxf7 $1 Kxf7 19. e6+ Kg7 20. Rg3 $40) 18. Rf3 (18. e6 $5
fxe6 (18... f6 19. Nf7 $1 Qxd5 20. Nxd8 Qxd8 21. Qe4 Na6 22. Rh3 $40) 19. Nxe6
Rc8 (19... Qxd5 20. Nxd8 Qxd8 21. Qe6+ Kg7 22. Re1 $16) 20. Qc4 $44) 18... Qxe5
19. Qxe5 Bxe5 20. Nxf7 Nd7 21. Re1 Bf6 22. Nxd8 Rxd8 $44 {[%csl Gc5] _|_} 23.
Ra3 a5 24. Bf4 c4 25. Re6 $1 {White consequently fights for initiative.} c3 26.
Kf1 g5 (26... a4 $5) 27. Be3 Nc5 $6 (27... c2 28. Bc1 (28. Ke2 $6 Bb2) 28...
Ne5 29. Rc3 Rxd5 30. Rxc2 b5 $14) 28. Rxb6 Rxd5 29. Rxa5 c2 30. Rc6 Bd4 31. Bc1
Kf7 32. Rb5 {[%cal Ya2a4]} Ke8 (32... g4 $5 33. f4 gxf3 34. gxf3 Ke8) 33. Rcxc5
$6 {This leads to a drawn rook ending} (33. Rb8+ $5 Kd7 34. Rbc8 {[%cal Ya2a4]}
) 33... Bxc5 34. Ke2 Rd1 35. Rxc5 Rxc1 36. g3 h6 37. Kd3 Rd1+ 38. Kxc2 Rh1 {
and Black lost on time in this drawish position.} 1-0